000 00463nam a22001817a 4500
003 MPLRDC
005 20220104113550.0
008 210129b ||||| |||| 00| 0 eng d
082 _a857.62 XCJTL
100 _a西村京太郎
245 _a追魂特快车: 『梓号』事件
_c吴蕙萍译
250 _a初版
260 _a
_b星光出版社
_c1987
300 _b
490 _a双子星丛书. 466
650 _a推理小说
942 _cBK
_o857.62 XCJTL
999 _c648
_d638